| 000 | 00342nam a22001217a 4500 | ||
|---|---|---|---|
| 008 | 230626b xxu||||| |||| 00| 0 eng d | ||
| 082 |
_a332.46 _bCBK |
||
| 100 | _cCentral Bank of Kenya | ||
| 245 |
_aThe Third monetary Policy Statement _bIssued under the central Bank of Kenya Act |
||
| 260 |
_bCBK _cDec 1998 |
||
| 300 | _a15p | ||
| 942 |
_2ddc _cBK |
||
| 999 |
_c2721 _d2721 |
||